Small business management and entrepreneurship/ (Record no. 30907)
[ view plain ]
| 000 -LEADER | |
|---|---|
| fixed length control field | 00466nam a22001457a 4500 |
| 008 - FIXED-LENGTH DATA ELEMENTS--GENERAL INFORMATION | |
| fixed length control field | 210127b ||||| |||| 00| 0 eng d |
| 020 ## - INTERNATIONAL STANDARD BOOK NUMBER | |
| International Standard Book Number | 9781473729735 |
| 050 ## - LIBRARY OF CONGRESS CALL NUMBER | |
| Classification number | HD 62 .S76 2017 |
| 100 ## - MAIN ENTRY--PERSONAL NAME | |
| Personal name | Stokes,David. |
| 245 ## - TITLE STATEMENT | |
| Title | Small business management and entrepreneurship/ |
| 260 ## - PUBLICATION, DISTRIBUTION, ETC. (IMPRINT) | |
| Place of publication, distribution, etc. | Australia: |
| Name of publisher, distributor, etc. | Cengage learning, |
| Date of publication, distribution, etc. | c2017. |
| 300 ## - PHYSICAL DESCRIPTION | |
| Extent | xvii,493p.: |
| Other physical details | ill.(chiefly col); |
| Dimensions | 24cm |
| 504 ## - BIBLIOGRAPHY, ETC. NOTE | |
| Bibliography, etc | Includes index |
| 942 ## - ADDED ENTRY ELEMENTS (KOHA) | |
| Source of classification or shelving scheme | |
| Koha item type | Hard Covered Materials |
| Classification part | HD 62 .S76 2017 |
| Withdrawn status | Lost status | Source of classification or shelving scheme | Damaged status | Not for loan | Home library | Current library | Shelving location | Date acquired | Source of acquisition | Cost, normal purchase price | Total Checkouts | Full call number | Barcode | Date last seen | Date last checked out | Price effective from | Koha item type |
|---|---|---|---|---|---|---|---|---|---|---|---|---|---|---|---|---|---|
| MACHAKOS UNIVERSITY LIBRARY | MACHAKOS UNIVERSITY LIBRARY | Open shelf | 27/01/2021 | purchase(Njingua) | 2159.00 | 1 | HD 62 .S76 2017 | 23574 | 08/08/2025 | 08/07/2025 | 27/01/2021 | Hard Covered Materials | |||||
| MACHAKOS UNIVERSITY LIBRARY | MACHAKOS UNIVERSITY LIBRARY | Open shelf | 27/01/2021 | purchase(Njingua) | 2159.00 | HD 62 .S76 2017 | 23573 | 27/01/2021 | 27/01/2021 | Hard Covered Materials |